awEKKu KEMBAR / (Record no. 189419)

MARC details
000 -LEADER
fixed length control field 01151pam a2200409 i 4500
001 - CONTROL NUMBER
control field vtls000735477
003 - CONTROL NUMBER IDENTIFIER
control field PNM
005 - DATE AND TIME OF LATEST TRANSACTION
control field 20221218100449.0
008 - FIXED-LENGTH DATA ELEMENTS--GENERAL INFORMATION
fixed length control field 140311s2014 my e 000 f may
015 ## - NATIONAL BIBLIOGRAPHY NUMBER
National bibliography number M14-07637
020 ## - INTERNATIONAL STANDARD BOOK NUMBER
International Standard Book Number 9789670535975
Qualifying information paperback
Terms of availability RM00.00
039 #9 - LEVEL OF BIBLIOGRAPHIC CONTROL AND CODING DETAIL [OBSOLETE]
Level of rules in bibliographic description 201506161123
Level of effort used to assign nonsubject heading access points faezah
Level of effort used to assign subject headings 201411101616
Level of effort used to assign classification nooraini
Level of effort used to assign subject headings 201407030919
Level of effort used to assign classification khuraisah
040 ## - CATALOGING SOURCE
Original cataloging agency BNM
Language of cataloging eng
Transcribing agency BNM
Modifying agency BNM
-- PNM
-- PPAK
Description conventions rda
049 ## - LOCAL HOLDINGS (OCLC)
Holding library klpmal
082 04 - DEWEY DECIMAL CLASSIFICATION NUMBER
Classification number 899.2333
Edition number 23
090 00 - LOCALLY ASSIGNED LC-TYPE CALL NUMBER (OCLC); LOCAL CALL NUMBER (RLIN)
Classification number (OCLC) (R) ; Classification number, CALL (RLIN) (NR) 899.2333
Feature heading SIT
Feature heading G
100 0# - MAIN ENTRY--PERSONAL NAME
Personal name Siti Rozilah,
Relator term author.
245 10 - TITLE STATEMENT
Title awEKKu KEMBAR /
Statement of responsibility, etc. SITI ROZILAH
264 #1 - PRODUCTION, PUBLICATION, DISTRIBUTION, MANUFACTURE, AND COPYRIGHT NOTICE
Place of production, publication, distribution, manufacture Shah Alam, Selangor :
Name of producer, publisher, distributor, manufacturer GRUP BUKU KARANGKRAF,
Date of production, publication, distribution, manufacture, or copyright notice 2014
300 ## - PHYSICAL DESCRIPTION
Extent 636 pages :
Dimensions 19 cm
336 ## - CONTENT TYPE
Content type term text
Source rdacontent
337 ## - MEDIA TYPE
Media type term unmediated
Source rdamedia
338 ## - CARRIER TYPE
Carrier type term volume
Source rdacarrier
650 10 - SUBJECT ADDED ENTRY--TOPICAL TERM
Topical term or geographic name entry element Malaysian fiction (Malay)
Topical term or geographic name entry element Malay fiction
942 ## - ADDED ENTRY ELEMENTS (KOHA)
Source of classification or shelving scheme Dewey Decimal Classification
Koha item type Book
949 ## - LOCAL PROCESSING INFORMATION (OCLC)
6 1001265235
6 1001265236
6 1001265237
6 1001265238
6 1001265239
6 1001265240
s 2101:20190130
6 1001265241
6 1001265242
6 1001265243
6 1001265244
Holdings
Withdrawn Not for loan Current library Shelving location Date acquired Total Checkouts Total Renewals Full call number Barcode Date last seen Date last checked out Koha item type
    Perpustakaan Alor Setar Pinjaman Dewasa 11/12/2022 7 2 899.2333 SIT A00746819 15/01/2026 19/11/2025 Book